• 首页
  • 本馆介绍
  • 公告通知
  • 最新文献
  • 馆藏检索
  • 电子资源
  • 读者导购
  • 参考咨询
  • 我的图书馆
  • 登录
  • 详细信息显示
  • 放入我的书架
  • 预约/预借图书
  • 作者相关作品
  • 分类相关作品
  • 丛书相关作品
  • 出版社相关作品

书目信息

  • 表格格式
  • 工作单格式
  • 卡片格式
题名:
读毛泽东札记二集
    
 
作者: 陈晋 著
分册:  
出版信息: 北京   生活·读书·新知三联书店  2020
页数: 286页
开本: 23cm
丛书名:
单 册:
中图分类: A755 , A84
科图分类:
主题词: 领袖--人物研究--中国--现代 , 毛泽东著作--学习 , 毛泽东著作研究
电子资源:
ISBN: 978-7-108-06721-0
000 00987nam0 2200265 450
001 2167408548
005 20211117095926.49
010    @a978-7-108-06721-0@dCNY49.00
100    @a20200611d2020 em y0chiy50 ea
101 0  @achi
102    @aCN@b110000
105    @ay z 000yy
200 1  @a读毛泽东札记二集@ADu Mao Ze Dong Zha Ji Er Ji@9du mao ze dong zha ji@b专著@f陈晋著
210    @a北京@c生活·读书·新知三联书店@d2020
215    @a286页@d23cm
330    @a本书收录《走向成熟的“阵痛”》《要找路,先画图》《“各去所偏,归于一是”》《“强制地省察自己的弱点,方有出路”》《“作一个政治家,必须练习忍耐”》《“愚公移山”情结》《推荐一部话剧,营造一代风气》《从毛泽东支稿费看延安知识分子待遇》等文章。
600  0 @a毛泽东,@f1893-1976@x人物研究
606 0  @a领袖@x人物研究@y中国@z现代
606 0  @a毛泽东著作@x学习
606 0  @a毛泽东著作研究
690    @aA755@v5
690    @aA84@v4
701  0 @a陈晋@9chen jin@4著
801  0 @aCN@bBP@c20200611
905    @aZUCC@dA84@e29
    
    读毛泽东札记二集/陈晋著.-北京:生活·读书·新知三联书店,2020
    286页;23cm
    
    
    ISBN 978-7-108-06721-0:CNY49.00
    本书收录《走向成熟的“阵痛”》《要找路,先画图》《“各去所偏,归于一是”》《“强制地省察自己的弱点,方有出路”》《“作一个政治家,必须练习忍耐”》《“愚公移山”情结》《推荐一部话剧,营造一代风气》《从毛泽东支稿费看延安知识分子待遇》等文章。
●
相关链接 在五车中查询图书 在当当中查询图书 在豆瓣中查询图书


正题名:读毛泽东札记二集     索取号:A84/29         预约/预借

序号 登录号 条形码 馆藏地/架位号 状态 备注
1 2000881195   2000881195   第三书库/ [索取号:A84/29] 在馆    
2 2000881196   2000881196   第三书库/ [索取号:A84/29] 在馆    
3 2000881197   2000881197   第三书库/ [索取号:A84/29] 在馆    
山东省滨州职业学院图书馆 欢迎您!
大连网信软件有限公司© 版权所有